000 00947nam a2200265 a 4500
001 000014103
005 20200929163456.0
008 091204s1988 dr a 000 0 spa d
040 _aDO-SdBNP
_bspa
_cBNPHU
082 _a617.6342
_bS678p
100 1 _aSocías Báez, Nelson
_920042
245 1 0 _aPerspectiva de la endodoncia /
_cNelson Socías Báez, Francia Berroa.
260 _aSanto Domingo :
_bUniversitaria,
_c1988.
300 _a117 p. :
_bil. ;
_c20 cm.
490 1 _aUniversidad Autónoma de Santo Domingo
_vv. 602
490 1 _aSalud Y sociedad
_vv. 16
500 _aIncluye datos biográficos de los autores en la contracubierta
504 _aIncluye bibliografías (p. 119-120)
650 4 _aEndodoncia
_931919
650 4 _aEndodoncia
_xEnseñanza
_931920
700 1 _aBerroa, Francia
_931921
830 0 _aUniversidad Autónoma de Santo Domingo
_nno. 602
_931922
830 0 _aSalud y sociedad
_nno. 16
_931923
049 _aBNPD
999 _c13705
_d13705